Bluey Episodes By Picture - Statistics

General Stats
  • This quiz has been taken 1,110 times
  • The average score is 23 of 42
Answer Stats
Picture Answer % Correct
Duck Cake
76%
Easter
76%
Baby Race
72%
Rain
72%
Cricket
71%
Fruitbat
71%
Ice Cream
71%
Dance Mode
69%
Handstand
69%
Pass The Parcel
69%
Pavlova
69%
Born Yesterday
68%
Muffin Cone
68%
The Creek
67%
Turtleboy
67%
Helicopter
66%
The Claw
66%
See Saw
65%
Stumpfest
65%
Bob Bilby
64%
Christmas Swim
64%
Neighbours
64%
Sticky Gecko
64%
The Doctor
64%
The Quiet Game
64%
Chest
63%
Dirt
63%
Double Babysitter
63%
Grannies
63%
Hairdressers
63%
Library
63%
Octopus
63%
Perfect
63%
Pizza Girls
63%
Squash
63%
Camping
62%
Keepy Uppy
62%
Magic Xylophone
62%
Sheepdog
62%
Show and Tell
62%
The Dump
62%
Zoo
62%
Magic
61%
Rug Island
61%
The Pool
61%
Bin Night
60%
Daddy Robot
60%
Faceytalk
60%
Feather Wand
60%
Queens
60%
Shadowlands
60%
The Show
60%
The Sleepover
60%
Unicorse
60%
Army
59%
Bus
59%
Movies
59%
Shops
59%
Tradies
59%
Whale Watching
59%
Wild Girls
59%
Asparagus
58%
Bad Mood
58%
Circus
58%
Escape
58%
Grandad
58%
Granny Mobile
58%
Hotel
58%
Mr Monkey Jocks
58%
Space
58%
Barky Boats
57%
Charades
57%
Curry Quest
57%
Fairies
57%
Fairytale
57%
Mini Bluey
57%
Mount Mumanddad
57%
Sleepytime
57%
Swim School
57%
Taxi
57%
BBQ
56%
Cubby
56%
The Beach
56%
Bingo
55%
Fancy Restaurant
55%
Hospital
55%
Obstacle Course
55%
Takeaway
55%
Trampoline
55%
Typewriter
55%
Bumpy and the Wise Old Wolfhound
54%
Burger Shop
54%
Dad Baby
54%
Dunny
54%
Hammerbarn
54%
TV Shop
54%
Mums and Dads
53%
Mum School
53%
Musical Statues
53%
Onesies
53%
Ragdoll
53%
Shaun
53%
Stickbird
53%
Road Trip
52%
Backpackers
51%
Butterflies
51%
Family Meeting
51%
Omelette
51%
Promises
51%
Relax
51%
The Decider
51%
Bike
50%
Cafe
50%
Chickenrat
50%
Dragon
50%
Driving
50%
Pirates
50%
Postman
50%
Flatpack
49%
Phones
49%
Bedroom
48%
Calypso
48%
Hide and Seek
48%
Piggyback
48%
Ticklecrabs
48%
Trains
48%
Puppets
47%
Slide
47%
Yoga Ball
47%
Copycat
46%
Horsey Ride
46%
Wagon Ride
46%
Blue Mountains
45%
Kids
45%
Early Baby
44%
Markets
44%
Stories
44%
Tina
44%
Work
44%
Housework
42%
Smoochy Kiss
42%
Verandah Santa
42%
Favorite Thing
41%
Daddy Putdown
40%
The Adventure
37%
The Weekend
37%
Spy Game
34%
Exercise
33%
Explorers
31%
Daddy Drop Off
27%
No matching quizzes found
Score Distribution
Percent of People with Each Score
Percentile by Number Answered
Your Score History
You have not taken this quiz